[Event "17th Aeroflot Open-A 2019"]
[Site "Moscow"]
[Date "2019.02.20"]
[Round "1.1"]
[White "Moroni, Luca Jr"]
[Black "Wei, Yi"]
[Result "1/2-1/2"]
[WhiteElo "2567"]
[BlackElo "2733"]
[Annotator "TA"]
[PlyCount "62"]
[EventDate "2019.02.19"]
[EventCountry "RUS"]
[SourceTitle "playchess.com"]
[Source "ChessBase"]
[SourceQuality "1"]

{[%evp 11,62,10,16,14,14,7,19,0,0,0,0,0,0,-4,-5,-4,-4,-4,-4,-4,-2,-4,-4,-4,0,0,39,12,12,12,12,12,14,12,11,14,23,15,23,0,0,0,0,0,0,0,0,0,0,0,0,0,0]} 1. c4 c5 2. Nf3 Nc6 3. d4 cxd4 4. Nxd4 Nf6 5. Nc3 e6 6. a3 Bc5 7. Nb3 {A33: Symmetrical English: 2 Nf3 Nf6 3 d4 cxd4 4 Nxd4 e6 5 Nc3 Nc6} Bb6 8. c5 (8. Bf4 d5 9. e3 O-O 10. Be2 h6 11. O-O e5 12. Bg3 d4 13. exd4 exd4 14. Nb5 Be6 {1-0 (55) Iturrizaga Bonelli,E (2637)-Le,Q (2714) chess.com INT 2019}) 8... Bc7 9. g3 O-O 10. Bg2 b6 11. O-O Be5 12. Bf4 (12. Be3 {is more complex.} Ba6 13. Rc1 Ng4 14. Bd2 Rc8 15. f4) 12... Bxf4 13. Bxc6 $146 ({Predecessor:} 13. gxf4 Rb8 14. Rb1 Ba6 {0-1 (53) Cramling,P (2521)-Ju,W (2558) Tehran 2016}) 13... dxc6 14. Qxd8 $1 Rxd8 15. gxf4 Ba6 {White should prevent ...Bc4.} 16. Rfd1 Nd5 17. Nxd5 Rxd5 18. Rxd5 exd5 $11 {[%mdl 4096] Endgame KRB-KRN} 19. e3 Rb8 20. Rc1 Bc4 21. Nd2 bxc5 22. Nxc4 dxc4 23. Rxc4 Rxb2 24. Rxc5 {KR-KR} Rb6 25. a4 Kf8 {The position is equal.} 26. a5 Rb5 27. Rxc6 {[#] Threatens to win with Rc8+.} Rxa5 28. Rc8+ Ke7 29. Rc7+ Kf8 30. Rc8+ Ke7 31. Rc7+ Kf8 {Accuracy: White = 82%, Black = 90%.} 1/2-1/2

[Event "17th Aeroflot Open-A 2019"]
[Site "Moscow"]
[Date "2019.02.19"]
[Round "1.1"]
[White "Moroni, Luca Jr"]
[Black "Wei, Yi"]
[Result "*"]
[WhiteElo "2567"]
[BlackElo "2733"]
[Annotator "TA"]
[PlyCount "28"]
[EventDate "2019.02.19"]
[EventCountry "RUS"]
[SourceTitle "playchess.com"]
[Source "ChessBase"]
[SourceQuality "1"]

{[%evp 11,28,12,3,13,10,0,24,0,0,0,5,3,17,-26,0,0,18,0,16]} 1. c4 c5 2. Nf3 Nc6 3. d4 cxd4 4. Nxd4 Nf6 5. Nc3 e6 6. a3 Bc5 7. Nb3 {A33: Symmetrical English: 2 Nf3 Nf6 3 d4 cxd4 4 Nxd4 e6 5 Nc3 Nc6} Bb6 8. c5 Bc7 9. g3 {White has an edge.} O-O 10. Bg2 b6 11. O-O Be5 12. e4 $146 ({Predecessor:} 12. a4 bxc5 13. Nxc5 d5 14. e4 Rb8 15. exd5 Nxd5 16. Nxd5 exd5 17. Qxd5 Qxd5 18. Bxd5 {½-½ (27) Matlakov,M (2718)-Svidler,P (2768) Wijk aan Zee 2018}) 12... Ba6 13. Re1 Bxc3 14. bxc3 e5 *

[Event "17th Aeroflot Open-A 2019"]
[Site "Moscow"]
[Date "2019.02.20"]
[Round "1.2"]
[White "Fedoseev, Vladimir"]
[Black "Petrosyan, Manuel"]
[Result "1-0"]
[WhiteElo "2715"]
[BlackElo "2564"]
[Annotator "RC"]
[PlyCount "101"]
[EventDate "2019.02.19"]
[EventCountry "RUS"]
[SourceTitle "playchess.com"]
[Source "ChessBase"]
[SourceQuality "1"]
[TimeControl "40/5400+30:1800+30"]

1. d4 {[%emt 0:00:00]} Nf6 {[%emt 0:00:43]} 2. Bg5 {[%emt 0:00:00]} e6 {[%emt 0:00:34]} 3. Nd2 {[%emt 0:00:27]} h6 {[%emt 0:03:28]} 4. Bh4 {[%emt 0:00:15]} c5 {[%emt 0:01:20]} 5. e3 {[%emt 0:01:57]} Nc6 {[%emt 0:02:33]} 6. c3 {[%emt 0:00:57]} b6 {[%emt 0:02:12]} 7. Ngf3 {[%emt 0:04:07]} Be7 {[%emt 0:03:38]} 8. Bd3 {[%emt 0:01:29]} Bb7 {[%emt 0:01:29]} 9. a3 {[%emt 0:03:06]} O-O {[%emt 0:03:40]} 10. O-O {[%emt 0:01:19]} d5 {[%emt 0:05:05]} 11. Qe2 {[%emt 0:01:23]} Ne4 {[%emt 0:05:15]} 12. Bxe7 {[%emt 0:00:21]} Nxe7 {[%emt 0:00:15]} 13. Rad1 {[%emt 0:04:02]} Qc7 {[%emt 0:01:14]} 14. Bb1 {[%emt 0:02:57]} a5 {[%emt 0:05:24]} 15. Ne5 {[%emt 0:05:17]} Ba6 {[%emt 0:07:04]} 16. Nd3 {[%emt 0:00:10]} Ng6 {[%emt 0:05:19]} 17. Qg4 {[%emt 0:04:56]} Nf6 {[%emt 0:02:46]} 18. Qh3 {[%emt 0:03:17]} cxd4 {[%emt 0:05:57]} 19. cxd4 {[%emt 0:07:27]} e5 {[%emt 0:07:57]} 20. dxe5 {[%emt 0:09:18]} Nxe5 {[%emt 0:03:50]} 21. Nf3 {[%emt 0:01:22]} Bxd3 {[%emt 0:00:11]} 22. Bxd3 {[%emt 0:00:13]} Nxf3+ {[%emt 0:00:04]} 23. Qxf3 {[%emt 0:00:32]} Qe5 {[%emt 0:00:02]} 24. Rd2 {[%emt 0:08:04]} Ne4 {[%emt 0:00:07]} 25. Rc2 {[%emt 0:04:35]} Rac8 {[%emt 0:02:07]} 26. Rfc1 {[%emt 0:00:46]} Rxc2 {[%emt 0:01:14]} 27. Rxc2 {[%emt 0:00:07]} Rd8 {[%emt 0:00:31]} 28. Qd1 {[%emt 0:03:16]} Nc5 {[%emt 0:05:22]} 29. Bf1 {[%emt 0:00:16]} g6 {[%emt 0:03:27]} 30. g3 {[%emt 0:03:24]} Kg7 {[%emt 0:05:13]} 31. Rd2 {[%emt 0:09:24]} Ne4 {[%emt 0:01:14]} 32. Rd4 {[%emt 0:00:08]} Qf5 {[%emt 0:00:22]} 33. f3 {[%emt 0:00:22]} Ng5 {[%emt 0:01:30]} 34. f4 {[%emt 0:00:11]} Ne6 {[%emt 0:07:26]} 35. e4 {[%emt 0:00:13]} Qf6 {[%emt 0:03:38]} 36. e5 {[%emt 0:01:53]} Qe7 {[%emt 0:00:05]} 37. Rxd5 {[%emt 0:00:04]} Qc7 {[%emt 0:04:32]} 38. Rxd8 {[%emt 0:00:24]} Nxd8 {[%emt 0:00:01]} 39. Qd5 {[%emt 0:00:14]} Ne6 {[%emt 0:01:42]} 40. Bc4 {[%emt 0:00:00]} a4 {[%emt 0:00:00]} 41. Kf2 {[%emt 0:04:02]} h5 {[%emt 0:01:22]} 42. Kg2 {[%emt 0:10:23]} Qc8 {[%emt 0:05:05]} 43. Kf2 {[%emt 0:02:50]} Qc7 {[%emt 0:00:11]} 44. Ke1 {[%emt 0:00:35]} b5 {[%emt 0:07:04]} 45. Qxb5 {[%emt 0:00:41]} Qa7 {[%emt 0:00:07]} 46. Bxe6 {[%emt 0:01:16]} fxe6 {[%emt 0:01:05]} 47. Kf1 {[%emt 0:02:11]} Qe3 {[%emt 0:06:27]} 48. Qd7+ {[%emt 0:03:02]} Kh6 {[%emt 0:01:54]} 49. Qxe6 {[%emt 0:05:10]} Qf3+ {[%emt 0:00:17]} 50. Kg1 {[%emt 0:00:33]} h4 {[%emt 0:00:08]} 51. Qf6 {[%emt 0:03:41]} 1-0

[Event "17th Aeroflot Open-A 2019"]
[Site "Moscow"]
[Date "2019.02.19"]
[Round "1.2"]
[White "Fedoseev, Vladimir"]
[Black "Petrosyan, Manuel"]
[Result "*"]
[WhiteElo "2715"]
[BlackElo "2564"]
[Annotator "TA"]
[PlyCount "19"]
[EventDate "2019.02.19"]
[EventCountry "RUS"]
[SourceTitle "playchess.com"]
[Source "ChessBase"]
[SourceQuality "1"]

{[%evp 12,19,9,8,19,11,22,-15,0,-13]} 1. Nf3 d5 2. g3 g6 3. Bg2 Bg7 4. O-O e5 5. d3 Ne7 6. e4 dxe4 7. dxe4 {The position is equal.} Qxd1 {A07: Réti Opening: New York and Capablanca Systems} 8. Rxd1 Nbc6 (8... f6 9. Be3 Be6 10. Nbd2 Nd7 {½-½ (10) Vajda,L (2600)-Nisipeanu,L (2686) Zalakaros 2017}) 9. h3 h6 $146 ({Predecessor:} 9... Bd7 10. Be3 O-O-O 11. c3 Be6 12. Nbd2 f6 13. Bf1 h5 14. Kg2 Bh6 15. Bxh6 Rxh6 {0-1 (72) Telljohann,S (2432)-Wernert,W (2353) Germany 2008}) 10. Nc3 *

[Event "17th Aeroflot Open-A 2019"]
[Site "Moscow"]
[Date "2019.02.19"]
[Round "1.3"]
[White "Fier, Alexandr"]
[Black "Wang, Hao"]
[Result "*"]
[WhiteElo "2561"]
[BlackElo "2714"]
[Annotator "TA"]
[PlyCount "21"]
[EventDate "2019.02.19"]
[EventCountry "RUS"]
[SourceTitle "playchess.com"]
[Source "ChessBase"]
[SourceQuality "1"]

{[%evp 11,21,32,45,30,30,10,26,31,22,-28,-36,-66]} 1. e4 e5 2. Nf3 Nc6 3. Bb5 a6 4. Ba4 g6 5. c3 d6 6. d4 Bd7 7. d5 {C76: Ruy Lopez: Deferred Steinitz: 5 c3 Bd7 6 d4 g6} Nce7 8. c4 Bg7 9. Nc3 h6 10. g4 $146 ({Predecessor:} 10. O-O f5 11. Bxd7+ Qxd7 12. Ne1 Nf6 13. f3 O-O 14. Nd3 f4 15. c5 Kh8 16. Qa4 Qd8 17. Qb4 Rb8 18. b3 g5 19. Ba3 Ne8 {0-1 (76) Durarbayli,V (2590)-Lenic,L (2659) Dubai 2014}) 10... Nf6 11. h3 *

[Event "17th Aeroflot Open-A 2019"]
[Site "Moscow"]
[Date "2019.02.20"]
[Round "1.3"]
[White "Fier, Alexandr"]
[Black "Wang, Hao"]
[Result "1/2-1/2"]
[WhiteElo "2561"]
[BlackElo "2714"]
[Annotator "RC"]
[PlyCount "111"]
[EventDate "2019.02.19"]
[EventCountry "RUS"]
[SourceTitle "playchess.com"]
[Source "ChessBase"]
[SourceQuality "1"]
[TimeControl "40/5400+30:1800+30"]

1. e4 {[%emt 0:00:00]} c6 {[%emt 0:00:00]} 2. d4 {[%emt 0:00:00]} d5 {[%emt 0:00:00]} 3. Nc3 {[%emt 0:00:00]} dxe4 {[%emt 0:00:00]} 4. Nxe4 {[%emt 0:00:00]} Bf5 {[%emt 0:00:00]} 5. Ng3 {[%emt 0:00:00]} Bg6 {[%emt 0:00:00]} 6. h4 {[%emt 0:00:00]} h6 {[%emt 0:00:01]} 7. Nf3 {[%emt 0:00:00]} e6 {[%emt 0:00:04]} 8. Ne5 {[%emt 0:04:05]} Bh7 {[%emt 0:00:11]} 9. Bd3 {[%emt 0:00:04]} Bxd3 {[%emt 0:00:07]} 10. Qxd3 {[%emt 0:00:03]} Nd7 {[%emt 0:00:06]} 11. Bf4 {[%emt 0:03:16]} Nxe5 {[%emt 0:07:48]} 12. Bxe5 {[%emt 0:01:09]} Qa5+ {[%emt 0:00:03]} 13. c3 {[%emt 0:00:14]} Nf6 {[%emt 0:00:05]} 14. O-O {[%emt 0:02:06]} Ng4 {[%emt 0:08:16]} 15. Rfe1 {[%emt 0:03:28]} O-O-O {[%emt 0:18:56]} 16. Qf3 {[%emt 0:07:17]} Nxe5 {[%emt 0:00:32]} 17. dxe5 {[%emt 0:02:37]} Qc7 {[%emt 0:00:54]} 18. Rad1 {[%emt 0:02:19]} Rd5 {[%emt 0:00:40]} 19. c4 {[%emt 0:02:20]} Rxd1 {[%emt 0:03:56]} 20. Rxd1 {[%emt 0:01:48]} Qxe5 {[%emt 0:01:47]} 21. Qxf7 {[%emt 0:00:50]} Bd6 {[%emt 0:00:19]} 22. Qg6 {[%emt 0:06:46]} Rd8 {[%emt 0:14:04]} 23. Ne4 {[%emt 0:04:25]} Be7 {[%emt 0:00:21]} 24. Rxd8+ {[%emt 0:02:23]} Kxd8 {[%emt 0:01:25]} 25. g3 {[%emt 0:11:02]} Qxb2 {[%emt 0:02:38]} 26. Qxe6 {[%emt 0:00:05]} Qxa2 {[%emt 0:00:06]} 27. Kg2 {[%emt 0:05:13]} Qb2 {[%emt 0:05:46]} 28. c5 {[%emt 0:06:33]} Qd4 {[%emt 0:03:02]} 29. Qg8+ {[%emt 0:01:35]} Kd7 {[%emt 0:00:16]} 30. f3 {[%emt 0:00:06]} a5 {[%emt 0:13:46]} 31. Qb8 {[%emt 0:03:56]} Qb2+ {[%emt 0:02:53]} 32. Kh3 {[%emt 0:00:02]} Qb3 {[%emt 0:04:53]} 33. Nd6 {[%emt 0:03:55]} Qe6+ {[%emt 0:00:10]} 34. g4 {[%emt 0:00:02]} Bxd6 {[%emt 0:00:09]} 35. cxd6 {[%emt 0:00:02]} Qxd6 {[%emt 0:00:15]} 36. Qxb7+ {[%emt 0:00:02]} Qc7 {[%emt 0:00:07]} 37. Qa8 {[%emt 0:00:56]} Qe5 {[%emt 0:01:06]} 38. h5 {[%emt 0:01:22]} Qc3 {[%emt 0:01:22]} 39. Kg2 {[%emt 0:07:35]} Qe5 {[%emt 0:08:22]} 40. Qa7+ {[%emt 0:00:00]} Ke6 {[%emt 0:00:00]} 41. Qa8 {[%emt 0:05:19]} Qb2+ {[%emt 0:02:00]} 42. Kg3 {[%emt 0:03:07]} Qc3 {[%emt 0:00:20]} 43. Kg2 {[%emt 0:00:32]} Kd5 {[%emt 0:02:02]} 44. Qg8+ {[%emt 0:06:51]} Kc5 {[%emt 0:00:29]} 45. Qf8+ {[%emt 0:00:02]} Kc4 {[%emt 0:02:59]} 46. Qf7+ {[%emt 0:02:17]} Kd3 {[%emt 0:00:58]} 47. Qf5+ {[%emt 0:01:24]} Ke2 {[%emt 0:04:43]} 48. Qe4+ {[%emt 0:00:19]} Kd2 {[%emt 0:05:51]} 49. f4 {[%emt 0:01:39]} c5 {[%emt 0:02:01]} 50. g5 {[%emt 0:00:55]} c4 {[%emt 0:01:45]} 51. gxh6 {[%emt 0:00:09]} gxh6 {[%emt 0:00:05]} 52. f5 {[%emt 0:00:03]} Qg7+ {[%emt 0:05:44]} 53. Kf3 {[%emt 0:01:12]} c3 {[%emt 0:00:04]} 54. Qe2+ {[%emt 0:00:04]} Kc1 {[%emt 0:00:09]} 55. Qf1+ {[%emt 0:00:02]} Kb2 {[%emt 0:00:18]} 56. Qb5+ {[%emt 0:00:03]} 1/2-1/2

[Event "17th Aeroflot Open-A 2019"]
[Site "Moscow"]
[Date "2019.02.19"]
[Round "1.4"]
[White "Dubov, Daniil"]
[Black "Abdusattorov, Nodirbek"]
[Result "*"]
[WhiteElo "2703"]
[BlackElo "2560"]
[Annotator "TA"]
[PlyCount "21"]
[EventDate "2019.02.19"]
[EventCountry "RUS"]
[SourceTitle "playchess.com"]
[Source "ChessBase"]
[SourceQuality "1"]

{[%evp 13,21,9,12,-1,-7,0,17,8,13,20]} 1. d4 {Stohl,I} Nf6 2. Nf3 d5 3. c4 e6 4. Bg5 Be7 5. Nc3 O-O 6. e3 h6 7. Bf4 Nbd7 {[%cal Bb8d7,Bd7b6,Bb6d5][%mdl 32] LiveBook: 24 Games. The position is equal.} 8. g4 {D53: Queen's Gambit Declined: 4 Bg5 Be7: Early deviations} dxc4 9. Bxc4 Nb6 10. Bd3 $146 ({Predecessor:} 10. Bb3 Nfd5 11. Bg3 c5 12. Ne5 cxd4 13. Qxd4 Nxc3 14. bxc3 Nd5 15. O-O Qa5 {0-1 (75) Grischuk,A (2780)-Caruana,F (2803) Khanty-Mansiysk 2015 CBM 167 [Stohl,I]}) 10... Nbd5 11. Be5 *

[Event "17th Aeroflot Open-A 2019"]
[Site "Moscow"]
[Date "2019.02.20"]
[Round "1.4"]
[White "Dubov, Daniil"]
[Black "Abdusattorov, Nodirbek"]
[Result "1/2-1/2"]
[WhiteElo "2703"]
[BlackElo "2560"]
[Annotator "RC"]
[PlyCount "76"]
[EventDate "2019.02.19"]
[EventCountry "RUS"]
[SourceTitle "playchess.com"]
[Source "ChessBase"]
[SourceQuality "1"]
[TimeControl "40/5400+30:1800+30"]

1. d4 {[%emt 0:00:00]} Nf6 {[%emt 0:00:00]} 2. Nf3 {[%emt 0:00:00]} e6 {[%emt 0:00:06]} 3. Bg5 {[%emt 0:00:57]} d5 {[%emt 0:01:59]} 4. c4 {[%emt 0:02:34]} Be7 {[%emt 0:00:06]} 5. Nc3 {[%emt 0:00:37]} h6 {[%emt 0:00:20]} 6. Bf4 {[%emt 0:01:19]} O-O {[%emt 0:00:23]} 7. e3 {[%emt 0:00:05]} c5 {[%emt 0:00:05]} 8. dxc5 {[%emt 0:00:40]} Bxc5 {[%emt 0:00:17]} 9. a3 {[%emt 0:00:24]} Nc6 {[%emt 0:00:21]} 10. Qc2 {[%emt 0:01:31]} Qa5 {[%emt 0:08:35]} 11. Ra2 {[%emt 0:01:54]} Ne4 {[%emt 0:06:47]} 12. Bd3 {[%emt 0:04:17]} Nxc3 {[%emt 0:01:09]} 13. bxc3 {[%emt 0:00:18]} d4 {[%emt 0:02:05]} 14. exd4 {[%emt 0:01:45]} Nxd4 {[%emt 0:00:24]} 15. Nxd4 {[%emt 0:00:42]} Bxd4 {[%emt 0:00:12]} 16. O-O {[%emt 0:00:05]} Be5 {[%emt 0:06:02]} 17. Be3 {[%emt 0:03:45]} Qc7 {[%emt 0:03:07]} 18. f4 {[%emt 0:02:25]} Bd6 {[%emt 0:00:53]} 19. Qf2 {[%emt 0:01:00]} b6 {[%emt 0:05:15]} 20. Bd4 {[%emt 0:02:38]} Bc5 {[%emt 0:01:45]} 21. Re2 {[%emt 0:01:38]} Rd8 {[%emt 0:04:26]} 22. Re5 {[%emt 0:06:08]} Ba6 {[%emt 0:05:47]} 23. Rfe1 {[%emt 0:12:04]} Bxd4 {[%emt 0:12:13]} 24. cxd4 {[%emt 0:00:44]} Qd6 {[%emt 0:02:45]} 25. c5 {[%emt 0:09:18]} bxc5 {[%emt 0:00:33]} 26. Be4 {[%emt 0:00:11]} Rac8 {[%emt 0:06:00]} 27. dxc5 {[%emt 0:00:37]} Qd4 {[%emt 0:01:44]} 28. Qxd4 {[%emt 0:05:42]} Rxd4 {[%emt 0:00:51]} 29. f5 {[%emt 0:00:17]} Bd3 {[%emt 0:08:40]} 30. Bb7 {[%emt 0:04:44]} Rc7 {[%emt 0:00:57]} 31. fxe6 {[%emt 0:00:22]} fxe6 {[%emt 0:00:43]} 32. Bf3 {[%emt 0:01:20]} Bc4 {[%emt 0:01:29]} 33. Rc1 {[%emt 0:05:43]} Kf7 {[%emt 0:02:56]} 34. Kf2 {[%emt 0:01:42]} Kf6 {[%emt 0:03:55]} 35. Re4 {[%emt 0:01:04]} Rxe4 {[%emt 0:00:28]} 36. Bxe4 {[%emt 0:00:02]} Ba2 {[%emt 0:00:38]} 37. Ke3 {[%emt 0:02:26]} Ke5 {[%emt 0:00:29]} 38. g3 {[%emt 0:00:56]} Bd5 {[%emt 0:01:02]} 1/2-1/2

[Event "17th Aeroflot Open-A 2019"]
[Site "Moscow"]
[Date "2019.02.20"]
[Round "1.5"]
[White "Karthikeyan, Murali"]
[Black "Kovalev, Vladislav"]
[Result "1/2-1/2"]
[WhiteElo "2560"]
[BlackElo "2703"]
[Annotator "RC"]
[PlyCount "35"]
[EventDate "2019.02.19"]
[EventCountry "RUS"]
[SourceTitle "playchess.com"]
[Source "ChessBase"]
[SourceQuality "1"]
[TimeControl "40/5400+30:1800+30"]

1. e4 {[%emt 0:00:00]} e5 {[%emt 0:00:00]} 2. Nf3 {[%emt 0:00:00]} Nc6 {[%emt 0:00:00]} 3. Bb5 {[%emt 0:00:00]} a6 {[%emt 0:00:00]} 4. Ba4 {[%emt 0:00:00]} Nf6 {[%emt 0:00:00]} 5. d3 {[%emt 0:00:00]} b5 {[%emt 0:00:14]} 6. Bb3 {[%emt 0:00:06]} Bc5 {[%emt 0:00:04]} 7. c3 {[%emt 0:01:20]} d6 {[%emt 0:00:15]} 8. Bg5 {[%emt 0:00:44]} h6 {[%emt 0:01:31]} 9. Bh4 {[%emt 0:00:17]} Bd7 {[%emt 0:20:43]} 10. Nbd2 {[%emt 0:07:00]} Bb6 {[%emt 0:05:00]} 11. Nf1 {[%emt 0:07:01]} g5 {[%emt 0:03:52]} 12. Bg3 {[%emt 0:00:54]} Ne7 {[%emt 0:04:11]} 13. Ne3 {[%emt 0:07:32]} Ng6 {[%emt 0:01:14]} 14. O-O {[%emt 0:13:52]} Nh7 {[%emt 0:17:57]} 15. Nd2 {[%emt 0:14:00]} Nf6 {[%emt 0:08:29]} 16. Nf3 {[%emt 0:15:34]} Nh7 {[%emt 0:00:14]} 17. Nd2 {[%emt 0:00:16]} Nf6 {[%emt 0:06:08]} 18. Nf3 {[%emt 0:06:34]} 1/2-1/2

[Event "17th Aeroflot Open-A 2019"]
[Site "Moscow"]
[Date "2019.02.19"]
[Round "1.5"]
[White "Karthikeyan, Murali"]
[Black "Kovalev, Vladislav"]
[Result "*"]
[WhiteElo "2560"]
[BlackElo "2703"]
[Annotator "TA"]
[PlyCount "32"]
[EventDate "2019.02.19"]
[EventCountry "RUS"]
[SourceTitle "playchess.com"]
[Source "ChessBase"]
[SourceQuality "1"]

{[%evp 18,20,35,27,41]} 1. e4 e5 2. Nf3 Nc6 3. Bb5 a6 4. Ba4 Nf6 5. d3 d6 6. c3 Bd7 7. O-O g6 8. h3 Bg7 9. Be3 O-O {C72: Ruy Lopez: Deferred Steinitz: 5 0-0} 10. Nbd2 {LiveBook: 9 Games} Qe8 {Predecessor:} 11. Bc2 $146 Nh5 12. d4 f5 13. exf5 gxf5 14. dxe5 Nxe5 15. Re1 Kh8 16. Nxe5 dxe5 {½-½ (23) Akopian,V (2675)-Amin,B (2654) Sharjah 2016} *

[Event "17th Aeroflot Open-A 2019"]
[Site "Moscow"]
[Date "2019.02.20"]
[Round "1.6"]
[White "Mamedov, Rauf"]
[Black "Lomasov, Semyon"]
[Result "1-0"]
[WhiteElo "2703"]
[BlackElo "2559"]
[Annotator "TA"]
[PlyCount "119"]
[EventDate "2019.02.19"]
[EventCountry "RUS"]
[SourceTitle "playchess.com"]
[Source "ChessBase"]
[SourceQuality "1"]

{[%evp 11,119,14,9,3,4,0,14,0,8,0,0,0,11,0,5,7,31,20,14,20,7,0,37,10,31,10,9,0,16,0,25,0,25,0,30,-16,54,40,81,71,67,79,91,91,95,83,83,81,78,68,83,33,41,42,70,79,69,76,95,101,104,100,95,94,95,94,88,99,116,104,117,0,98,68,52,35,133,80,192,61,58,68,72,35,107,105,165,138,322,322,322,317,336,321,457,452,522,516,700,677,610,610,697,693,614,506,606,587,580,577]} 1. e4 e6 2. d4 d5 3. Nd2 c5 4. Ngf3 cxd4 5. Nxd4 Nf6 6. exd5 Qxd5 7. Nb5 {Threatens to win with Nc7+. C07: French Tarrasch: 3...c5, 4 Ngf3 and 4 exd5 Qxd5} Na6 8. Nc3 Qd6 9. a3 {The position is equal.} Bd7 10. Qf3 Bc6 11. Qg3 Qxg3 12. hxg3 Nc7 13. Nc4 {[#]} O-O-O $146 ({Predecessor:} 13... Ne4 14. Nxe4 Bxe4 15. c3 f6 {½-½ (15) Popovic,D (2521)-Predojevic,B (2652) Bihac 2016}) 14. Be3 b6 15. Ne5 {[%mdl 64] Double Attack} Be8 16. Bd3 Bd6 17. Nc4 Be7 18. f3 Nfd5 19. Bd2 h5 20. g4 h4 21. O-O-O f6 22. Ne4 Bb5 23. g5 Kb7 ({Black should play} 23... f5 $11) 24. Rde1 Bc6 25. Rh2 e5 26. Reh1 Nf4 27. Bxf4 $1 exf4 28. gxf6 gxf6 29. Nc3 Rhg8 30. Ne2 f5 31. Kb1 ({Inferior is} 31. Nxf4 Bg5 $17) 31... Bg5 32. Bxf5 Bb5 33. Bd3 Rge8 {Hoping for ...Rxd3!} 34. Nc3 Bxc4 35. Bxc4 Re3 36. Nd1 Re5 37. Nf2 b5 38. Bd3 Kb6 39. Be4 Re7 40. Nh3 Bh6 41. Nf2 Bg5 42. Nd3 Ne6 43. b4 a5 {[#]} ({Black should try} 43... Rg7 $14) 44. Rxh4 (44. bxa5+ $142 $1 Kxa5 45. Nb4) 44... axb4 {[#]} (44... Bxh4 $16 45. Rxh4 Ng5) 45. axb4 (45. Rg4 $1 $18) 45... Bxh4 $14 46. Rxh4 Rd4 47. Rh5 {And now Re5 would win.} Nc7 (47... Rd6 $14) 48. Kb2 $16 Rg7 (48... Na6 $16 {keeps fighting.}) 49. Rh2 ({Don't take} 49. Nxf4 $6 Rxb4+ 50. Kc1 Rg3 $14) 49... Rf7 $2 (49... Re7 $16 {was necessary.} 50. Rh6+ (50. Nxf4 Rxb4+ 51. Kc1 Rc4 $16) 50... Re6) 50. Rh6+ $18 Ka7 51. c3 Rc4 52. Ne5 {[%mdl 64] Double Attack} Rg7 (52... Rxe4 {is a better defense.} 53. fxe4 Rf8) 53. Bd3 {White is clearly winning.} Rxg2+ 54. Kb3 {[%mdl 64] Trapped Piece} Rf2 55. Bxc4 bxc4+ 56. Kxc4 Re2 57. Nc6+ Kb7 58. Nd4 Re3 59. Rh7 Kb6 60. Rf7 {Accuracy: White = 50%, Black = 41%.} 1-0

[Event "17th Aeroflot Open-A 2019"]
[Site "Moscow"]
[Date "2019.02.19"]
[Round "1.6"]
[White "Mamedov, Rauf"]
[Black "Lomasov, Semyon"]
[Result "*"]
[WhiteElo "2703"]
[BlackElo "2559"]
[Annotator "TA"]
[PlyCount "32"]
[EventDate "2019.02.19"]
[EventCountry "RUS"]
[SourceTitle "playchess.com"]
[Source "ChessBase"]
[SourceQuality "1"]

{[%evp 14,21,18,17,16,0,17,28,20,29]} 1. e4 e6 2. d4 d5 3. e5 c5 4. c3 Nc6 5. Nf3 Qb6 6. Na3 {[%cal Bb1a3,Ba3c2,Bc2e3][%mdl 32]} cxd4 7. cxd4 Bd7 8. Nc2 Rc8 {C02: French: Advance Variation} 9. Be2 Nb4 10. Ne3 Bb5 11. O-O {Predecessor:} Bxe2 $146 12. Qxe2 Qa6 13. Qxa6 Nxa6 14. Bd2 Bb4 15. Rfc1 Ne7 16. Rxc8+ Nxc8 {½-½ (56) Predke,A (2622)-Riazantsev,A (2649) St Petersburg 2018} *

[Event "17th Aeroflot Open-A 2019"]
[Site "Moscow"]
[Date "2019.02.19"]
[Round "1.7"]
[White "Lalith Babu M R"]
[Black "Inarkiev, Ernesto"]
[Result "*"]
[WhiteElo "2556"]
[BlackElo "2692"]
[Annotator "TA"]
[PlyCount "36"]
[EventDate "2019.02.19"]
[EventCountry "RUS"]
[SourceTitle "playchess.com"]
[Source "ChessBase"]
[SourceQuality "1"]

{[%evp 16,18,17,9,20]} 1. Nf3 d5 2. d4 Nf6 3. c4 dxc4 4. e3 e6 5. Bxc4 c5 6. O-O Nc6 7. Nc3 a6 8. a4 Be7 9. dxc5 {LiveBook: 207 Games} O-O {D27: Queen's Gambit Accepted: Classical main line: 7 e4!? and 7 a4} {Predecessor:} 10. Qc2 $146 Bxc5 11. Rd1 Qc7 12. Ne4 Be7 13. Bd2 Na5 14. Bxa5 Qxa5 15. Nxf6+ Bxf6 16. Bd3 g6 17. Be4 Qb4 18. Rd2 Ra7 {½-½ (36) Anand,V (2788)-Morozevich,A (2750) Moscow 2009} *